Sport, Spirituality, and Religion: New Intersections (Record no. 14594)
[ view plain ]
| 000 -LEADER | |
|---|---|
| fixed length control field | 00944nam a2200121Ia 4500 |
| 008 - FIXED-LENGTH DATA ELEMENTS--GENERAL INFORMATION | |
| fixed length control field | 220615s9999||||xx |||||||||||||| ||und|| |
| 100 ## - MAIN ENTRY--PERSONAL NAME | |
| Personal name | Trothen, Tracy J. |
| 245 #0 - TITLE STATEMENT | |
| Title | Sport, Spirituality, and Religion: New Intersections |
| 546 ## - LANGUAGE NOTE | |
| Language note | English[eng] |
| 650 ## - SUBJECT ADDED ENTRY--TOPICAL TERM | |
| Topical term or geographic name entry element | English professional football||elite youth sport||religion and sport||religious expression||sacrament||pilgrimage||hope||Isaiah||rehabilitation||American Catholicism||Lance Armstrong||national football league||parkour||qualitative research||providentialism||spirituality||safeguarding||Baseball||poiesis||bible belt||social justice||sacred space||deconversion||evangelicalism||free-running||exile||Babe Ruth||phenomenology of religion||ecology||place||spiritual emotions||race||black church||Christianity||contemporary sport culture||theology and sport||religion||prayer||redemption||urban||affect theory||sport |
| 856 ## - ELECTRONIC LOCATION AND ACCESS | |
| Uniform Resource Identifier | <a href="https://mdpi.com/books/pdfview/book/1837">https://mdpi.com/books/pdfview/book/1837</a> |
| 942 ## - ADDED ENTRY ELEMENTS (KOHA) | |
| Koha item type | E-Books |
| Withdrawn status | Lost status | Damaged status | Not for loan | Home library | Current library | Date acquired | Total Checkouts | Date last seen | Price effective from | Koha item type |
|---|---|---|---|---|---|---|---|---|---|---|
| Kerala University of Digital Sciences, Innovation and Technology Knowledge Centre | Kerala University of Digital Sciences, Innovation and Technology Knowledge Centre | 15/06/2022 | 15/06/2022 | 15/06/2022 | E-Books |